| 000 | 01690cam a22004335a 4500 | ||
|---|---|---|---|
| 001 | 16904935 | ||
| 003 | OSt | ||
| 005 | 20140310184433.0 | ||
| 008 | 110805s1994 nyua j 000 1 eng d | ||
| 010 | _a 2011290722 | ||
| 020 | _a0590472984 (pbk.) | ||
| 020 | _a9780590472982 (pbk.) | ||
| 035 | _a(OCoLC)ocm30385701 | ||
| 040 |
_aOCO _cOCO _dSLC _dOCL _dMUS _dOCLCQ _dBAKER _dXY4 _dBTCTA _dKZV _dDLC |
||
| 042 | _alccopycat | ||
| 050 | 0 | 0 |
_aPZ 7 _b.D121 1994 |
| 100 | 1 |
_aDadey, Debbie. _94137 |
|
| 245 | 1 | 0 |
_aPirates don't wear pink sunglasses / _cby Debbie Dadey and Marcia Thornton Jones ; illustrated by John Steven Gurney. |
| 260 |
_aNew York : _bScholastic, _c1994. |
||
| 300 |
_a78 p. : _bill. ; _c20 cm. |
||
| 490 | 1 | _aLittle apple | |
| 500 | _a"A Little Apple paperback." | ||
| 520 | _aSuspense, humor, and the appealing Bailey School kids make this an irresistible early chapter book. At Camp Lone Wolf, the Bailey kids suspect that the camp director is a werewolf. What's more, the newest member of the camp staff, Captain Teach, thinks he's a pirate. Line drawings. | ||
| 521 | _aG4 | ||
| 526 | _c640 | ||
| 541 | _j1 | ||
| 650 | 0 |
_aBailey School kids (Fictitious characters) _vJuvenile fiction. _927078 |
|
| 650 | 0 |
_aPirates _vJuvenile fiction. _927079 |
|
| 650 | 1 |
_aHumorous stories. _93831 |
|
| 700 | 1 |
_aJones, Marcia Thornton. _94140 |
|
| 700 | 1 |
_aGurney, John, _eill. _927080 |
|
| 710 | 2 |
_aCopyright Paperback Collection (Library of Congress) _5DLC _9705 |
|
| 830 | 0 |
_aLittle apple. _94142 |
|
| 906 |
_a0 _bibc _ccopycat _d2 _encip _f20 _gy-genrareb |
||
| 942 |
_2lcc _cBK-SCHOLAS |
||
| 999 |
_c34354 _d34354 |
||